[Event "Reykjavik Open 2010"]
[Site "Reykjavik City Hall"]
[Date "2010.03.03"]
[Round "9.49"]
[White "Leifsson, Thorsteinn"]
[Black "Sverrisson, Nokkvi"]
[Result "0-1"]
[WhiteElo "1821"]
[BlackElo "1784"]
[PlyCount "32"]
[EventDate "2010.02.24"]

1. d4 Nf6 2. c4 e6 3. Nc3 Bb4 4. Qc2 O-O 5. Bg5 d5 6. e3 Nbd7 7. Nf3 c5 8. a3
Qa5 9. Nd2 cxd4 10. exd4 Ne4 11. Ndxe4 dxe4 12. Bd2 Bxc3 13. Bxc3 Qf5 14. O-O-O
Nb6 15. f3 Qf4+ 16. Bd2 e3 0-1

[Event "Reykjavik Open 2010"]
[Site "Reykjavik City Hall"]
[Date "2010.03.03"]
[Round "9.50"]
[White "Sigurdsson, Birkir Karl"]
[Black "Brynjarsson, Eirikur Orn"]
[Result "0-1"]
[WhiteElo "1446"]
[BlackElo "1653"]
[PlyCount "58"]
[EventDate "2010.02.24"]

1. Nf3 d5 2. d4 Nf6 3. c4 e6 4. cxd5 exd5 5. Bg5 Bb4+ 6. Nc3 Qd6 7. Bxf6 gxf6
8. e3 Rg8 9. g3 Bg4 10. Bg2 Nc6 11. a3 Ba5 12. b4 Bb6 13. O-O O-O-O 14. Qc2 h5
15. Nh4 Be6 16. Na4 Qd7 17. Nc5 Bxc5 18. bxc5 Rg4 19. Bh3 Rxh4 20. Bg2 Rg4 21.
Qe2 Na5 22. Bf3 Rg5 23. h4 Rg7 24. Bxh5 Rh8 25. Kh2 Bg4 26. Qe1 Nc6 27. Bxg4
Qxg4 28. f3 Rxh4+ 29. Kg2 Qh3+ 0-1

[Event "Reykjavik Open 2010"]
[Site "Reykjavik City Hall"]
[Date "2010.03.03"]
[Round "9.51"]
[White "Sigurdarson, Emil"]
[Black "Kjartansson, Dagur"]
[Result "0-1"]
[WhiteElo "1609"]
[BlackElo "1485"]
[PlyCount "64"]
[EventDate "2010.02.24"]

1. e4 c5 2. c3 e6 3. d4 d5 4. exd5 exd5 5. Nf3 Nf6 6. Bg5 Nc6 7. Be2 cxd4 8.
cxd4 Be7 9. O-O O-O 10. Nc3 Be6 11. Rc1 Rc8 12. Re1 h6 13. Bh4 a6 14. Na4 Nd7
15. Bxe7 Qxe7 16. a3 b5 17. Nc5 Nxd4 18. Nxd4 Rxc5 19. Rxc5 Qxc5 20. b4 Qb6 21.
Nxe6 fxe6 22. Bf3 Kh8 23. Qd2 Nf6 24. Qe3 d4 25. Qe5 d3 26. Qe3 Qd6 27. Rd1 Rd8
28. Rd2 e5 29. Be2 e4 30. f3 Nd5 31. Qd4 dxe2 32. Kf2 e3+ 0-1